书目信息 |
| 题名: |
水稻病毒的分子生物学
|
|
| 作者: | 李毅 , 陈章良 编著 | |
| 分册: | ||
| 出版信息: | 北京 科学出版社 2001.02 |
|
| 页数: | 249页 | |
| 开本: | 26cm | |
| 丛书名: | "863"生物高技术丛书 | |
| 单 册: | ||
| 中图分类: | Q , S435.111.4 | |
| 科图分类: | ||
| 主题词: | 植物--病虫害 , 植物--病虫害防治方法 | |
| 电子资源: | ||
| ISBN: | 7-03-008428-4 | |
| 000 | 00768nam0 2200253 45 | |
| 001 | 0337143873 | |
| 005 | 2003040110190387 | |
| 010 | @a7-03-008428-4@dRMB 38.00 | |
| 100 | @a20030401d2001 km y0chiy0120 ea | |
| 101 | 0 | @achi |
| 102 | @aCN@b110000 | |
| 200 | 1 | @a水稻病毒的分子生物学@Ashui dao bing du de fen zi sheng wu xue@f李毅,陈章良编著@Fli yi,chen zhang liang bian zhu |
| 210 | @a北京@c科学出版社@d2001.02 | |
| 215 | @a249页@d26cm | |
| 225 | 2 | @a"863"生物高技术丛书 |
| 410 | 0 | @12001 @a"863"生物高技术丛书 |
| 606 | 0 | @a植物@x病虫害 |
| 606 | 0 | @a植物@x病虫害防治方法 |
| 690 | @aQ@v3 | |
| 690 | @aS435.111.4@v4 | |
| 701 | 0 | @a李毅@Ali yi@4编著 |
| 701 | 0 | @a陈章良@Achen zhang liang@4编著 |
| 801 | 0 | @aCN@bPFT@c20030401 |
| 905 | @a10447@dS435.111.4@eL313 | |
| 水稻病毒的分子生物学/李毅,陈章良编著.-北京:科学出版社,2001.02 |
| 249页;26cm.-("863"生物高技术丛书) |
| ISBN 7-03-008428-4:RMB 38.00 |
| ● |
| 相关链接 |
|
|
|
正题名:水稻病毒的分子生物学
索取号:S435.111.4/L313
 
预约/预借
| 序号 | 登录号 | 条形码 | 馆藏地/架位号 | 状态 | 备注 |
| 1 | 368320 | 203683200 | 自科库401/401自科库 67排3列2层/ [索取号:S435.111.4/L313] | 在馆 | |
| 2 | 368321 | 203683219 | 自科库401/401自科库 67排3列2层/ [索取号:S435.111.4/L313] | 在馆 | |
| 3 | 368322 | 203683228 | 自科库401/401自科库 67排3列2层/ [索取号:S435.111.4/L313] | 在馆 |